000 00426nam a2200157 4500
001 126019
003 ES-MaACL
007 t|
008 070214s1974 sp r ||||1| spa d
100 1 _aReiche, Reimut.
_995955
245 1 3 _aLa sexualidad y la lucha de clases /
_cReimut Reiche.
250 _a2ยช ed.
260 _aBarcelona :
_bSeix Barral,
_c1974.
300 _a285 p. ;
_c19 cm.
852 _aES-MaACL
_jE-5436
_bR.89622
999 _c126019
_d126019